Statistiques concernant Top 15 des pays avec les décès de Covid-19 - 2 mai

Cliquez ici pour prendre le quiz!

Statistiques générales

  • Ce quiz a été pris 36 fois
  • Le résultat moyen est 15 sur 21

Statistiques - réponses

pays% Correct
France
100%
Allemagne
97%
Espagne
97%
Etats-Unis
97%
Chine
94%
Italie
94%
Royaume-Uni
94%
Brésil
91%
Mexique
82%
Portugal
82%
Canada
79%
Belgique
76%
Suède
64%
Suède
64%
Suisse
64%
Pays-Bas
55%
Irlande
52%
Turquie
52%
Iran
48%
Danemark
27%
Équateur
6%

Distribution des résultats

Percentile par nombre de réponses

% des personnes avec chaque résultat

Votre développement - résultats

Vous n’avez pas pris ce quiz